Estacions d'FGC - Línia Llobregat-Anoia - Statistics

General Stats
  • This quiz has been taken 53 times
  • The average score is 65 of 79
Answer Stats
Answer % Correct
Sant Boi
100%
Sant Boi
100%
Sant Boi
100%
Sant Vicenç | Castellgalí
100%
Barcelona Pl. Espanya
95%
Barcelona Pl. Espanya
95%
Barcelona Pl. Espanya
95%
Igualada
95%
Cornellà Riera
92%
Cornellà Riera
92%
Cornellà Riera
92%
Europa | Fira
92%
Europa | Fira
92%
Europa | Fira
92%
L'Hospitalet Av. Carrilet
92%
L'Hospitalet Av. Carrilet
92%
L'Hospitalet Av. Carrilet
92%
Magòria | La Campana
92%
Magòria | La Campana
92%
Magòria | La Campana
92%
Molí Nou | Ciutat Cooperativa
92%
Molí Nou | Ciutat Cooperativa
92%
Molí Nou | Ciutat Cooperativa
92%
Gornal
89%
Gornal
89%
Gornal
89%
Martorell Enllaç
89%
Martorell Enllaç
89%
Martorell Enllaç
89%
Olesa de Montserrat
89%
Pallejà
89%
Pallejà
89%
Pallejà
89%
Ildefons Cerdà
86%
Ildefons Cerdà
86%
Ildefons Cerdà
86%
Martorell Vila | Castellbisbal
86%
Sant Josep
86%
Sant Josep
86%
Sant Josep
86%
Sant Vicenç dels Horts
86%
Sant Vicenç dels Horts
86%
Sant Vicenç dels Horts
86%
Manresa Baixador
84%
Martorell Central
84%
Martorell Central
84%
Martorell Central
84%
Monistrol de Montserrat
84%
Quatre Camins
84%
Quatre Camins
84%
Quatre Camins
84%
Sant Andreu de la Barca
84%
Sant Andreu de la Barca
84%
Sant Andreu de la Barca
84%
Abrera
81%
Colònia Güell
81%
Almeda
78%
Almeda
78%
Almeda
78%
Piera
76%
Can Ros
73%
Can Ros
73%
Can Ros
73%
Manresa Alta
73%
Capellades
70%
Santa Coloma de Cervelló
70%
Sant Esteve Sesrovires
70%
El Palau
68%
El Palau
68%
El Palau
68%
Castellbell i el Vilar
65%
Manresa Viladordis
65%
Aeri de Montserrat
62%
Masquefa
59%
Vilanova del Camí
57%
La Beguda
49%
La Pobla de Claramunt
49%
Vallbona d'Anoia
46%
Can Parellada
43%
No matching quizzes found
Score Distribution
Percent of People with Each Score
Percentile by Number Answered
Your Score History
You have not taken this quiz